Economic reforms and drug policy: a micro level analysis (Record no. 493439)

000 -LEADER
fixed length control field 00691cam a22001937a 4500
008 - FIXED-LENGTH DATA ELEMENTS--GENERAL INFORMATION
fixed length control field 180718b2006 xxu||||| |||| 00| 0 eng d
082 ## - DEWEY DECIMAL CLASSIFICATION NUMBER
Classification number T19x54 M474/12
100 ## - MAIN ENTRY--PERSONAL NAME
Personal name Badiger, Arvind
245 ## - TITLE STATEMENT
Title Economic reforms and drug policy: a micro level analysis
Statement of responsibility, etc. by Arvind Badiger, G.K. Kadekodi and Nayanatara S.N.
260 ## - PUBLICATION, DISTRIBUTION, ETC.
Place of publication, distribution, etc. New Delhi
Name of publisher, distributor, etc. Indian Institute of Public Administration and United Nations United Development
Date of publication, distribution, etc. 2006
300 ## - PHYSICAL DESCRIPTION
Extent 27p.
650 ## - SUBJECT ADDED ENTRY--TOPICAL TERM
Topical term or geographic name entry element Emergency management
650 ## - SUBJECT ADDED ENTRY--TOPICAL TERM
Topical term or geographic name entry element Land reform - India
650 ## - SUBJECT ADDED ENTRY--TOPICAL TERM
Topical term or geographic name entry element Medical care - India
650 ## - SUBJECT ADDED ENTRY--TOPICAL TERM
Topical term or geographic name entry element India - Economic conditions
650 ## - SUBJECT ADDED ENTRY--TOPICAL TERM
Topical term or geographic name entry element Economic reform - India
700 ## - ADDED ENTRY--PERSONAL NAME
Personal name S.N., Nayanatara
700 ## - ADDED ENTRY--PERSONAL NAME
Personal name Kadekodi, G.K.
Holdings
Withdrawn status Lost status Damaged status Not for loan Permanent Location Current Location Date acquired Full call number Barcode Date last seen Price effective from Koha item type
        Indian Institute of Public Administration Indian Institute of Public Administration 2018-08-04 T19x54 M474/12 GR17781 2018-08-04 2018-08-04 GR
        Indian Institute of Public Administration Indian Institute of Public Administration 2018-08-04 T19x54 M474/12 GR17780 2018-08-04 2018-08-04 GR
        Indian Institute of Public Administration Indian Institute of Public Administration 2018-08-04 T19x54 M474/12 GR17779 2018-08-04 2018-08-04 GR
        Indian Institute of Public Administration Indian Institute of Public Administration 2018-08-04 T19x54 M474/12 GR17778 2018-08-04 2018-08-04 GR
        Indian Institute of Public Administration Indian Institute of Public Administration 2018-08-04 T19x54 M474/12 GR17777 2018-08-04 2018-08-04 GR

Powered by Koha